000 00989pab a2200193 454500
008 180718b2000 xxu||||| |||| 00| 0 eng d
100 _aIngraham, Patricia Wallace
245 _aPeople and performance: challenges for the future public service - the report from the Wye River Conference
260 _c2000
300 _ap.54-60
362 _aJan-Feb
520 _aWhat are the key challenges for the public sector at present, and what will the future public service look like if it is to meet these challenges? These questions were put to public-sector leaders at a conference at the Wye River Plantation in June 1999. The leaders agreed on aspects of a broad vision for the future and the urgent need for a detailed debate on the transition questions that arose. - Reproduced
650 _aCivil service - United States
650 _aCivil service
700 _aMoynihan, Donald P.
700 _aSelden, Sally Coleman
773 _aPublic Administration Review
909 _a43987
999 _c43987
_d43987